01641nam a2200385 a 4500001001000000003000500010005001700015008004100032010001100073011001100084040000900095090001000104100003600114245015200150260005400302500006000356502009300416590003700509590004100546590004000587590004000627590004000667650003400707650003800741650002800779650004400807856001600851856007000867901000700937942001000944942000600954999001900960952014000979952013601119000112325CHAP20220329144257.0160302s2016 mx a fsm |||||||spa d a108786 a109758 cCHAP aTesis1 aAparicio Rivas, Lourdes913055610aAnálisis de cambio de cobertura y uso de suelo en la comunidad de San Cristóbal Lachirioag, Oaxaca /h[En línea]cpor Lourdes Aparicio Rivas. aZimatlán de Álvarez, Oax. :bEl autor,c2016. aPara ver el contenido del material haga clic en la liga aTesis (Ing. Agr. Esp. en Zonas Tropicales) -- UACH. Centros Regionales Universitario Sur aBATCHb00c20181121lUCH01h0758 aE11695DGDb10c20160307lUCH01h1406 aE5995AHEb05c20160302lUCH01h1131 aE5995AHEb05c20160302lUCH01h1131 aE5995AHEb05c20160302lUCH01h134214aCultivos de cobertura.93037114aSistema de información.910670714aSuelosxOaxaca.911045414aTierrasxUtilizaciónxOaxaca.9113247 a1 n0000423 aFinding aiduhttp://10.13.5.2/tesis/sist112325.pdfzTeclea aquí aBK cTESIS n0 c108786d108786 00102local4053708TESISaBCbBCcPA_TESISd2016-03-02fTESISl0oTesisp33724002518553r2019-12-31 00:00:00tc.2w2019-12-31yTESIS 00104054718TESISaBCbBCd2016-03-02fTESISl0oTesisp33724002518595r2019-12-31 00:00:00w2019-12-31yTESISzRecien adquirido